000 00592nam a2200181 i 4500
001 144526
003 ES-MaACL
005 20230906201035.0
007 t|
008 070214s1911 sp |||| | spa d
100 1 _aSilvela, Eugenio.
_9106423
245 1 3 _aEl Congreso Penitenciario de Washington /
_cEugenio Silvela.
260 _aMadrid :
_b[s.n.],
_c1911 (
_fImp. de Bernardo Rodríguez)
300 _a43 p. ;
_c25 cm.
500 _aPrecede al tít.: Biblioteca "Ateneo"
650 4 _aEstablecimientos penitenciarios-
_vCongresos y asambleas.
_9163123
852 _aES-MaACL
_jT-1237-F-4
999 _c144526
_d144526